MCU movies in order by IMDB rating - Statistics

General Stats
  • This quiz has been taken 49 times
  • The average score is 25 of 37
Answer Stats
Place Rating Year Movie % Correct
2 8.4 2019 Avengers: Endgame
100%
1 8.4 2018 Avengers: Infinity War
100%
5 8.0 2012 The Avengers
87%
7 7.9 2008 Iron Man
84%
3 8.2 2021 Spider-Man: No Way Home
82%
9 7.8 2016 Captain America: Civil War
76%
4 8.0 2014 Guardians of the Galaxy
76%
8 7.9 2017 Thor: Ragnarok
76%
25 6.9 2011 Captain America: The First Avenger
68%
10 7.7 2014 Captain America: The Winter Soldier
68%
12 7.5 2024 Deadpool & Wolverine
68%
6 7.9 2023 Guardians of the Galaxy Vol.3
68%
27 6.9 2010 Iron Man 2
68%
15 7.4 2017 Spider-Man: Homecoming
68%
14 7.4 2025 The Fantastic Four: First Steps
68%
31 6.6 2008 The Incredible Hulk
68%
17 7.3 2025 Thunderbolts*
68%
19 7.3 2018 Black Panther
66%
36 5.6 2025 Captain America: Brave New World
66%
16 7.4 2019 Spider-Man: Far From Home
66%
18 7.3 2015 Avengers: Age of Ultron
63%
28 6.7 2019 Captain Marvel
63%
13 7.5 2016 Doctor Strange
63%
37 5.5 2023 The Marvels
63%
23 7.0 2011 Thor
63%
29 6.7 2013 Thor: The Dark World
63%
21 7.2 2015 Ant-Man
61%
30 6.6 2021 Black Widow
61%
11 7.6 2017 Guardians of the Galaxy Vol.2
61%
22 7.1 2013 Iron Man 3
61%
20 7.3 2021 Shang-Chi and the Legend of the Ten Rings
61%
24 7.0 2018 Ant-Man and the Wasp
58%
26 6.9 2022 Doctor Strange in the Multiverse of madness
58%
35 6.0 2023 Ant-Man and the Wasp: Quantumania
55%
33 6.2 2021 Eternals
53%
34 6.2 2022 Thor: Love and Thunder
53%
32 6.6 2022 Black Panther: Wakanda Forever
50%
No matching quizzes found
Score Distribution
Percent of People with Each Score
Percentile by Number Answered
Your Score History
You have not taken this quiz